<?xml version="1.0" encoding="UTF-8"?>
<collection xmlns="http://www.loc.gov/MARC21/slim">
 <record>
  <leader>00527pamaa2200157   4500</leader>
  <controlfield tag="001">0000020054</controlfield>
  <controlfield tag="005">20060926090000.0</controlfield>
  <datafield tag="020" ind1="0" ind2="0">
   <subfield code="a">0674939557 </subfield>
  </datafield>
  <datafield tag="090" ind1="0" ind2="0">
   <subfield code="a">F591 </subfield>
   <subfield code="b">SMI 1978</subfield>
  </datafield>
  <datafield tag="100" ind1="1" ind2="0">
   <subfield code="a">SMITH </subfield>
  </datafield>
  <datafield tag="245" ind1="1" ind2="0">
   <subfield code="a">Virgin land : </subfield>
   <subfield code="b">the American West as symbol and myth  </subfield>
   <subfield code="c">Henry Nash Smith.</subfield>
  </datafield>
  <datafield tag="260" ind1="0" ind2="0">
   <subfield code="a">Cambridge: </subfield>
   <subfield code="b">Harvard University Press, </subfield>
   <subfield code="c">1978.</subfield>
  </datafield>
  <datafield tag="300" ind1=" " ind2=" ">
   <subfield code="a">xviii, 305p.: </subfield>
   <subfield code="b">ill.; </subfield>
   <subfield code="c">21cm.</subfield>
  </datafield>
  <datafield tag="650" ind1="0" ind2="0">
   <subfield code="a">West (U.S.) in literature </subfield>
  </datafield>
  <datafield tag="650" ind1="0" ind2="0">
   <subfield code="a">American literature -- </subfield>
   <subfield code="x">History and criticism -- </subfield>
   <subfield code="y">19th century </subfield>
  </datafield>
  <datafield tag="651" ind1="0" ind2="0">
   <subfield code="a">West (U.S.) -- </subfield>
   <subfield code="x">History </subfield>
  </datafield>
 </record>
</collection>
